000 00240nam a2200097Ia 4500
001 921371
005 20250826191424.0
008 250824s9999 xx 000 0 und d
245 0 _aÇALINMIŞ HAFIZALAR
_cTED DEKKER
260 _bKYRHOS YAYINLARI
999 _c921371
_d921371